[Event "Ticino op"]
[Site "Ticino"]
[Date "1994.??.??"]
[Round "7"]
[White "Gyimesi, Zoltan"]
[Black "Cvitan, Ognjen"]
[Result "1/2-1/2"]
[WhiteElo "2430"]
[BlackElo "2585"]

1.d4 Nf6 2.c4 g6 3.Nc3 Bg7 4.e4 d6 5.Nf3 O-O 6.Be2 e5 7.O-O Nc6 8.d5 Ne7
9.Ne1 Nd7 10.Nd3 f5 11.Bd2 Nf6 12.f3 f4 13.g4 g5 14.Be1 h5 15.h3 Ng6 16.c5 Rf7
17.b4 Bf8 18.Kg2 Be7 19.Bf2 Qf8 20.Nb5 Bd8 21.a4 Bd7 22.Nc3 Be7 23.Nb5 Bd8
24.Nc3 a6 25.b5 axb5 26.Rb1 bxa4 27.Rxb7 a3 28.c6 a2 29.Ra7 Nh4+ 30.Kg1 Rxa7
31.Bxa7 hxg4 32.hxg4 Bxg4 33.fxg4 f3 34.Rxf3 Nxf3+ 35.Bxf3 Nxe4 36.Bxe4 Rf1+
37.Qxf1 Qxf1+ 38.Kxf1 a1=Q+ 39.Kg2 Qxc3 40.Be3 Qc2+ 41.Nf2 Qe2 42.Ba7 Kf8
43.Kg3 Qa6 44.Be3 Qe2 45.Ba7  1/2-1/2

[Event "SVK-ch"]
[Site "Topolcianky"]
[Date "1994.??.??"]
[Round "2"]
[White "Hanko, Pavel"]
[Black "Balogh, Peter"]
[Result "0-1"]
[WhiteElo "2230"]
[BlackElo "2295"]

1.d4 Nf6 2.Nf3 g6 3.c4 Bg7 4.Nc3 O-O 5.e4 d6 6.Be2 e5 7.O-O Nc6 8.d5 Ne7
9.Nd2 a5 10.a3 Nd7 11.Rb1 f5 12.b4 Kh8 13.Na4 axb4 14.axb4 Nf6 15.f3 Nh5
16.g3 Nf6 17.Nc3 c6 18.dxc6 bxc6 19.b5 d5 20.b6 Bb7 21.exd5 cxd5 22.Na4 Nd7
23.cxd5 Nxd5 24.Nc4 Bc6 25.Ba3 Rxa4 26.Qb3 Qa8 27.Bxf8 Qxf8 28.b7 Rb4 29.Qa3 Rxb7
30.Qa6 Qc5+ 31.Kh1 Rxb1 32.Rxb1 Nc3  0-1

[Event "SVK-ch U18"]
[Site "Trnava"]
[Date "1994.??.??"]
[Round "7"]
[White "Hrivnak, Martin"]
[Black "Balogh, Peter"]
[Result "0-1"]
[WhiteElo "2210"]
[BlackElo "2295"]

1.d4 Nf6 2.Nf3 g6 3.c4 Bg7 4.Nc3 O-O 5.e4 d6 6.Be2 e5 7.O-O Nc6 8.d5 Ne7
9.Ne1 Nd7 10.Be3 f5 11.f3 f4 12.Bf2 g5 13.a4 Ng6 14.Rc1 Nf6 15.c5 Rf7 16.cxd6 cxd6
17.Nb5 g4 18.fxg4 Nxe4 19.Qc2 Nxf2 20.Rxf2 a6 21.Nc7 Rb8 22.Ne6 Bxe6 23.dxe6 Rf8
24.Qb3 Kh8 25.Rd1 Qe7 26.Qd5 Rfd8 27.Bd3 Rbc8 28.b4 Qc7 29.Bxg6 hxg6 30.Rf3 Bf6
31.h4 Qc6 32.e7 Bxe7 33.Qf7 Qe8 34.Qd5 Rc7 35.g3 Qg8 36.gxf4 Qxd5 37.Rxd5 Rc4
38.b5 Rxa4 39.bxa6 bxa6 40.Ng2 Rf8 41.f5 Rxg4 42.f6 Rxf6 43.Rxf6 Bxf6 44.Rxd6 Bxh4
45.Rxa6 Kg7 46.Kf1 Bg5 47.Kf2 Rd4 48.Re6 e4 49.Ke2 Kf7 50.Ra6 Rd2+ 51.Kf1 Rd5
52.Ra4 Re5 53.Ra6 Re6 54.Ra4 Kf6 55.Ke2 Kf5 56.Ne1 Rb6 57.Rc4 Rb2+ 58.Kf1 e3
59.Nc2 Bf4 60.Rc3 Ke4 61.Ne1 Rf2+ 62.Kg1 Bh2+ 63.Kh1 Rf1+ 64.Kxh2 Rxe1 65.Kg2 Re2+
66.Kg3 Rf2 67.Rc6 g5 68.Re6+ Kd3 69.Rd6+ Ke2 70.Rd5 Rf8 71.Kg2 g4 72.Ra5 Rd8  0-1

[Event "USA-ch (Women)"]
[Site "?"]
[Date "1994.??.??"]
[Round "4"]
[White "Belakovskaia, Anjelina"]
[Black "Tverskaya, Julia"]
[Result "1/2-1/2"]
[WhiteElo "2315"]
[BlackElo "2125"]

1.Nf3 Nf6 2.c4 g6 3.Nc3 Bg7 4.d4 O-O 5.e4 d6 6.Be2 e5 7.O-O Nc6 8.d5 Ne7
9.Ne1 Nd7 10.Be3 f5 11.f3 f4 12.Bf2 g5 13.a4 h5 14.a5 Nf6 15.c5 g4 16.cxd6 cxd6
17.Nb5 Ng6 18.Nxa7 gxf3 19.gxf3 Bh3 20.Bb6 Qb8 21.Nb5 Bxf1 22.Bxf1 Ne8 23.Bh3 Bf6
24.Rc1 Bd8 25.Rc2 Bxb6+ 26.axb6 Qd8 27.Nc7 Rb8 28.Qa1 Ng7 29.Ng2 Kh7 30.Be6 Nh4
31.Qf1 Nxe6 32.Nxe6 Qxb6+ 33.Kh1 Nxg2 34.Nxf8+ Rxf8 35.Rxg2 Qe3 36.Qb5 Qc1+
37.Rg1 Qc7 38.Qa4 Qe7 39.Qc2 Rg8 40.Rxg8  1/2-1/2

[Event "USA op"]
[Site "USA"]
[Date "1994.??.??"]
[Round "?"]
[White "Manion, Josh"]
[Black "Gelman, Geoffrey"]
[Result "1/2-1/2"]
[WhiteElo "2280"]
[BlackElo "2225"]

1.d4 Nf6 2.c4 g6 3.Nc3 Bg7 4.e4 d6 5.Be2 O-O 6.Nf3 e5 7.O-O Nc6 8.d5 Ne7
9.Ne1 Nd7 10.Be3 f5 11.f3 f4 12.Bf2 g5 13.a4 Rf7 14.a5 Bf8 15.Nb5 a6 16.Na7 Rg7
17.Nxc8 Rxc8 18.b4 Nf6 19.Kh1 g4 20.Bh4 gxf3 21.Bxf3 Ng6 22.Bxf6 Qxf6 23.Bg4 Rb8
24.Be6+ Kh8 25.Nf3 Be7 26.Qd3 Nh4 27.Nxh4 Qxh4 28.Bh3 Qh5 29.b5 Qe8 30.Rfb1 Bh4
31.Qf3 axb5 32.cxb5 Ra8 33.a6 bxa6 34.bxa6 c5 35.dxc6 Qxc6 36.Be6 Qc5 37.Bd5 Rf8
38.Rb7 Rc8 39.Rxg7  1/2-1/2

[Event "Val Thorens Principal"]
[Site "Val Thorens"]
[Date "1994.??.??"]
[Round "8"]
[White "Leroux, R."]
[Black "Mollov, Elin"]
[Result "0-1"]
[WhiteElo "1980"]
[BlackElo "2370"]

1.c4 g6 2.Nc3 Bg7 3.Nf3 d6 4.d4 Nf6 5.e4 O-O 6.Be2 e5 7.O-O Nc6 8.d5 Ne7
9.b4 Nh5 10.c5 Nf4 11.Bxf4 exf4 12.Rc1 h6 13.a4 g5 14.h3 Ng6 15.cxd6 cxd6
16.Nb5 h5 17.Nh2 g4 18.hxg4 h4 19.Re1 Be5 20.Qd3 Bd7 21.a5 Kg7 22.Rc2 Rh8
23.Bf1 Qf6 24.Na3 h3 25.g3 Rac8 26.Rec1 Rxc2 27.Rxc2 Ba4 28.Rc7 fxg3 29.fxg3 Bd4+
30.Kh1 Qf2 31.Nf3 Ne5 32.Qxd4 Qxf1+  0-1

[Event "Vantaa op"]
[Site "Vantaa"]
[Date "1994.??.??"]
[Round "?"]
[White "Veingold, Aleksandr"]
[Black "Nykopp, Jan Michael F"]
[Result "1-0"]
[WhiteElo "2465"]
[BlackElo "2245"]

1.d4 Nf6 2.Nf3 g6 3.c4 Bg7 4.Nc3 O-O 5.e4 d6 6.Be2 e5 7.O-O Nc6 8.d5 Ne7
9.b4 Ne8 10.c5 Kh8 11.a4 Ng8 12.a5 Rb8 13.Be3 Ra8 14.a6 b6 15.Bb5 Ne7 16.Nd2 f5
17.f3 f4 18.Bf2 g5 19.Nc4 Nf6 20.cxd6 cxd6 21.Bc6 Nxc6 22.dxc6 Ne8 23.Nb5 Rf6
24.Nxe5 Be6 25.Nd7 Bxd7 26.cxd7 Qxd7 27.Qd5 Rd8 28.h3 Re6 29.Nd4 Re5 30.Qb7 Re7
31.Nc6 Bxa1 32.Rxa1 Rg7 33.Bd4  1-0

[Event "Vantaa op2"]
[Site "Vantaa"]
[Date "1994.??.??"]
[Round "2"]
[White "Salo, Heikki"]
[Black "Yrjola, Jouni"]
[Result "0-1"]
[WhiteElo "2245"]
[BlackElo "2440"]

1.d4 Nf6 2.c4 g6 3.Nc3 Bg7 4.e4 O-O 5.Be2 d6 6.Nf3 e5 7.O-O Nc6 8.d5 Ne7
9.Nd2 a5 10.a3 Nd7 11.Rb1 f5 12.b4 Kh8 13.Qc2 Ng8 14.exf5 gxf5 15.f4 Qe7
16.Nf3 axb4 17.axb4 e4 18.Ng5 Ndf6 19.Be3 Bd7 20.Kh1 h6 21.Nh3 Qf7 22.Nf2 Qg6
23.c5 h5 24.b5 dxc5 25.Bxc5 Rfe8 26.Nfd1 Nh6 27.Ne3 Nfg4 28.b6 Rac8 29.Bxg4 Nxg4
30.Qd2 c6 31.d6 Rcd8 32.h3 Nxe3 33.Qxe3 Be6 34.Ne2 Bc4 35.Rfd1 Rd7 36.Nd4 Rg8
37.Rd2 Kh7 38.Ra1 Bd5 39.Re1 Bxd4 40.Bxd4 Rxd6 41.Be5 Re6 42.Bd4 h4 43.Ra1 Qf7
44.Qe1 e3 45.Re2 Qh5 46.Ra7 c5 47.Bxc5 Rg3 48.Ra3 Reg6 49.Rd3 Rxg2 50.Rxg2 Bxg2+
51.Kh2 Bc6  0-1

[Event "Vantaa op2"]
[Site "Vantaa"]
[Date "1994.??.??"]
[Round "4"]
[White "Rantanen, Yrjo A"]
[Black "Norri, Joose"]
[Result "0-1"]
[WhiteElo "2355"]
[BlackElo "2385"]

1.d4 Nf6 2.c4 g6 3.Nc3 Bg7 4.e4 d6 5.Nf3 O-O 6.Be2 e5 7.O-O Nc6 8.d5 Ne7
9.Ne1 Nd7 10.Nd3 f5 11.Bd2 Nf6 12.f3 h5 13.c5 f4 14.cxd6 cxd6 15.Nf2 g5 16.h3 Ng6
17.Qc2 Rf7 18.Rfc1 Bf8 19.a4 Ne8 20.a5 Nh4 21.Ra3 Rg7 22.Nb5 a6 23.Rc3 Bxh3
24.gxh3 axb5 25.b4 Qe7 26.Kf1 Qf7 27.Qd3 Qg6 28.Qxb5 g4 29.fxg4 Nf6 30.Qd3 f3
31.Bxf3 Rf7 32.Qe2 Be7 33.g5 Ng4 34.Rc8+ Rxc8 35.Rxc8+ Kg7  0-1

[Event "Balkaniad"]
[Site "Varna"]
[Date "1994.??.??"]
[Round "1"]
[White "Milanovic, Danilo"]
[Black "Banikas, Hristos"]
[Result "1-0"]
[WhiteElo "2300"]
[BlackElo "2300"]

1.d4 Nf6 2.c4 g6 3.Nc3 Bg7 4.e4 d6 5.Be2 O-O 6.Nf3 e5 7.O-O Nc6 8.d5 Ne7
9.Ne1 Ne8 10.Nd3 f5 11.f4 c6 12.Kh1 fxe4 13.Nxe4 cxd5 14.cxd5 Qb6 15.fxe5 Rxf1+
16.Bxf1 Bf5 17.Bg5 Bxe4 18.Bxe7 Qc7 19.Bg5 Bxd3 20.exd6 Nxd6 21.Qxd3 Nf7
22.Bh4 Bxb2 23.Re1 Be5 24.Be2 Qd7 25.Qe4 Bc3 26.Bg4 Qd6 27.Rf1 Kg7 28.Be7 Qe5
29.Bf6+ Qxf6 30.Rxf6 Bxf6 31.Be6 Ne5 32.d6 Nc6 33.Bd5 Rc8 34.g3 Nd8 35.Bxb7 Rc1+
36.Kg2 Nxb7 37.Qxb7+ Kh6 38.Qxa7 Rc2+ 39.Kh3 Rd2 40.Qe3+ Bg5 41.Qe5 Rxa2
42.Qd5 Rd2 43.Qc6 Bf6 44.Qe8 Kg7 45.Qd7+ Kg8 46.Kg4 Rxh2 47.Qe6+ Kg7 48.Qd5 Rb2
49.d7 Rb8 50.Kf3 h5 51.Qe6 Rf8 52.Qe8 Bd8+ 53.Ke4 Bf6 54.Kd5 Bd8 55.Ke6 Rf6+
56.Kd5 Rf8 57.Kc6 Rf6+ 58.Kb7 Rf8 59.Kc8 Bg5 60.Kc7 Bf6 61.Qc8 Be7 62.Kc6 Bd8
63.Qb7 Rf6+ 64.Kd5 Rf5+ 65.Ke4 Rf8 66.Qa7 Kh7 67.Qd4 Bf6 68.Qxf6 Rxf6 69.d8=Q Rf5
70.Qe7+ Kg8 71.Qd7 Kh8 72.Qd2 Kh7 73.Qh2 Kg7 74.Qh4 Kg8 75.g4 hxg4 76.Qxg4 Kf7
77.Qh3 Kg7 78.Qh4 Kg8 79.Qh6 Kf7 80.Qh7+ Kf6 81.Qg8 Re5+ 82.Kd4 Rf5 83.Qf8+ Kg5
84.Qe7+ Kh6 85.Ke4 Rh5 86.Qf7 Rb5 87.Qf4+ Kh7 88.Qc7+ Kh6 89.Qc1+ Kh7 90.Qc7+ Kh6
91.Qf4+ Kh7 92.Qf7+ Kh6 93.Qg8 Rf5 94.Qh8+ Kg5 95.Kd4 Rb5 96.Qg7 Rf5 97.Ke3 Rb5
98.Ke4 Rf5 99.Qh8 Rb5 100.Qd8+ Kh5 101.Qd1+ Kg5 102.Qd2+ Kh4 103.Qh6+ Rh5
104.Qxg6 Rg5 105.Qh6+ Kg4 106.Qf6 Kh5 107.Qf7+ Kg4 108.Qd7+ Kh5 109.Qh7+ Kg4
110.Qh2 Rg6 111.Qg2+ Kh5 112.Qh3+ Kg5 113.Ke5 Rg7 114.Qg3+ Kh6 115.Qh4+ Kg6
116.Ke6 Rg8 117.Qg4+ Kh7 118.Qh5+ Kg7 119.Ke7  1-0

[Event "Balkaniad"]
[Site "Varna"]
[Date "1994.??.??"]
[Round "4"]
[White "Moutousis, Konstantinos"]
[Black "Dimitrov, Vladimir"]
[Result "1-0"]
[WhiteElo "2425"]
[BlackElo "2460"]

1.d4 Nf6 2.c4 g6 3.Nc3 Bg7 4.e4 d6 5.Be2 O-O 6.Nf3 e5 7.O-O Nc6 8.d5 Ne7
9.Ne1 Ne8 10.Be3 f5 11.f3 f4 12.Bf2 h5 13.c5 Kh8 14.a4 Ng8 15.cxd6 cxd6 16.Nb5 a6
17.Na3 Ngf6 18.Nc4 Nd7 19.Nd3 Bf6 20.Kh1 Qe7 21.b4 g5 22.Rc1 Qg7 23.Rc3 Be7
24.Bb6 Rg8 25.Nf2 Nef6 26.Bc7 Qf8 27.h3 Nh7 28.Qc2 b5 29.axb5 axb5 30.Na3 Ndf6
31.Nxb5 Bd7 32.Ba5 g4 33.fxg4 hxg4 34.hxg4 Ng5 35.Nc7 Qh6+ 36.Kg1 Raf8 37.Ne6 Bxe6
38.dxe6 d5 39.Bc7 dxe4 40.Bxe5 Rg7 41.Bxf4 Nd5 42.Bxg5 Qxg5 43.Rh3+ Kg8 44.Rh5 Nxb4
45.Rxg5 Nxc2 46.Rxg7+ Kxg7 47.Nxe4 Nd4 48.Rxf8 Kxf8 49.Bc4 Ba3 50.Kf2 Ke7
51.Kg3 Nxe6 52.Bxe6 Kxe6 53.Kh4 Ke5 54.Nf2 Be7+ 55.g5 Kf5 56.Nh3 Kg6 57.Kg4 Ba3
58.Nf4+ Kg7 59.Kf5 Bb2 60.Ne6+ Kf7 61.Nf4 Kg7 62.Kg4 Bc3 63.Kh5 Bb2 64.Nd5 Kh7
65.Ne7 Kg7 66.Nf5+ Kh7 67.g6+ Kg8 68.g4  1-0

[Event "Velden op"]
[Site "Velden"]
[Date "1994.??.??"]
[Round "2"]
[White "Kozul, Zdenko"]
[Black "Grabics, Monika"]
[Result "1-0"]
[WhiteElo "2575"]
[BlackElo "2325"]

1.d4 Nf6 2.Nf3 g6 3.c4 Bg7 4.Nc3 O-O 5.e4 d6 6.Be2 e5 7.O-O Nc6 8.d5 Ne7
9.Ne1 Nd7 10.Be3 f5 11.f3 f4 12.Bf2 g5 13.a4 h5 14.Nb5 Nf6 15.Nxa7 g4 16.Nxc8 Rxc8
17.Nd3 Ng6 18.Be1 h4 19.fxg4 Nxe4 20.Qc2 Ng5 21.Nc5 f3 22.Bxf3 Nf4 23.Ne4 Nfh3+
24.gxh3 Nxf3+ 25.Kg2 Nd4 26.Rxf8+ Qxf8 27.Qd3 Qe7 28.Bd2 Rf8 29.Rf1 Qd7 30.Rxf8+ Kxf8
31.b3 c6 32.Be3 cxd5 33.cxd5 Qf7 34.Bxd4 exd4 35.Qf3 Qxf3+ 36.Kxf3 Be5 37.Ng5 Bxh2
38.Ke4 Ke7 39.Nf3 Bg3 40.Nxd4 Kf6 41.Nf5 Kg5 42.Nxg3 hxg3 43.Kf3  1-0

[Event "Vienna op"]
[Site "Vienna"]
[Date "1994.??.??"]
[Round "3"]
[White "Eingorn, Vereslav S"]
[Black "Herzog, Adolf"]
[Result "1-0"]
[WhiteElo "2585"]
[BlackElo "2400"]

1.d4 Nf6 2.Nf3 g6 3.c4 Bg7 4.Nc3 O-O 5.e4 d6 6.Be2 e5 7.O-O Nc6 8.d5 Ne7
9.Bg5 Nh5 10.g3 h6 11.Bd2 Bh3 12.Re1 f5 13.Nh4 Nf6 14.exf5 gxf5 15.f3 c6
16.Be3 cxd5 17.cxd5 f4 18.Bf2 fxg3 19.hxg3 Nh7 20.Ne4 Ng5 21.Bd3 Nf5 22.Nxf5 Bxf5
23.Be3 Bf6 24.Bxg5 Bxg5 25.Kg2 Rc8 26.Nc3 Rc7 27.Bxf5 Rxf5 28.Qd3 Rcf7 29.Rf1 Qb6
30.Qb5 Qc7 31.Ne4 Kg7 32.Rae1 a6 33.Qb4 Rd7 34.Re2 Rf8 35.Rh1 Qd8 36.Qa3 Qe7
37.Rc2 Rc7 38.Rc3 Rxc3 39.bxc3 Qf7 40.c4 Rd8 41.Rb1 Rd7 42.Rb6 Be7 43.Qb3 Bf8
44.Qb4 Qe7 45.a4 Kh8 46.a5 Qg7 47.Qd2 Rd8 48.c5 dxc5 49.d6 c4 50.Qd5 c3 51.Rxb7 Rd7
52.Rxd7 Qxd7 53.Qxe5+ Qg7 54.Qc5 Kg8 55.Qc4+ Qf7 56.Qxc3 Qa2+ 57.Kf1 Qb1+
58.Ke2 Qb5+ 59.Kf2 Bg7 60.Qd2  1-0

[Event "LTU-ch  Vilnius"]
[Site "Vilnius"]
[Date "1994.??.??"]
[Round "8"]
[White "Zagorskis, Darius"]
[Black "Slekys, Emilis"]
[Result "1/2-1/2"]
[WhiteElo "2450"]
[BlackElo "2380"]

1.Nf3 Nf6 2.c4 g6 3.Nc3 Bg7 4.e4 d6 5.d4 O-O 6.Be2 e5 7.O-O Nc6 8.d5 Ne7
9.Nd2 c5 10.Rb1 Ne8 11.b4 b6 12.bxc5 bxc5 13.Nb3 f5 14.f3 Bd7 15.Bd2 a6 16.Qc1 fxe4
17.fxe4 Rxf1+ 18.Bxf1 Bf6 19.Ne2 Rb8 20.Na5 Rxb1 21.Qxb1 Qc7 22.Qb7 Qxb7
23.Nxb7 Bc8 24.Na5 Bd7 25.Nc3 Kg7 26.Bd3 Nc8 27.Nb7 Nb6 28.Nd1 Bc8 29.Na5 Bd8
30.Nb2  1/2-1/2

[Event "LTU-ch  Vilnius"]
[Site "Vilnius"]
[Date "1994.??.??"]
[Round "10"]
[White "Kaunas, Kestutis"]
[Black "Piesina, Gintautas"]
[Result "0-1"]
[WhiteElo "2325"]
[BlackElo "2375"]

1.d4 Nf6 2.c4 g6 3.Nc3 Bg7 4.e4 d6 5.Nf3 O-O 6.Be2 e5 7.O-O Nc6 8.d5 Ne7
9.b4 Nh5 10.Nd2 Nf4 11.a4 Nxe2+ 12.Qxe2 f5 13.f3 f4 14.Ba3 g5 15.c5 Ng6 16.a5 Rf7
17.b5 Bf8 18.b6 axb6 19.axb6 dxc5 20.bxc7 Rxc7 21.Nc4 Rg7 22.Rfb1 g4 23.fxg4 h5
24.gxh5 Nh4 25.Kh1 Rxg2 26.Rg1 Bh3 27.Nxe5 Rxa3 28.Rxa3 Rxg1+ 29.Kxg1 Qg5+
30.Kf2 Qxe5 31.Ke1 Bh6 32.Qb5 f3 33.Ra8+ Kh7 34.Qxc5 f2+  0-1

[Event "Werfen op"]
[Site "Werfen"]
[Date "1994.??.??"]
[Round "?"]
[White "Knoll, Hermann"]
[Black "Fruehauf, Norbert"]
[Result "1/2-1/2"]
[WhiteElo "2290"]
[BlackElo "1935"]

1.d4 Nf6 2.Nf3 g6 3.c4 Bg7 4.Nc3 O-O 5.e4 d6 6.Be2 e5 7.O-O Nc6 8.d5 Ne7
9.Ne1 Nd7 10.Nd3 f5 11.f3 f4 12.g4 Bf6 13.Bd2 Kg7 14.Kg2 h5 15.h3 Bh4 16.b4 b6
17.Rc1 g5 18.c5 Nf6 19.Be1 Bxe1 20.Rxe1 Ng6 21.cxd6 cxd6 22.Nf2 Nh4+ 23.Kf1 hxg4
24.hxg4 Rf7 25.Bb5 a6 26.Bc6 Raa7 27.Ke2 Nxf3 28.Kxf3 Bxg4+ 29.Nxg4 Nxg4
30.Rg1 Ne3 31.Qe2 g4+ 32.Rxg4+ Nxg4 33.Rg1 Kf8 34.Rxg4 Rh7 35.Qg2 Rag7 36.Ne2 b5
37.Rxg7 Rxg7 38.Qh3 Kg8 39.Qe6+ Kh8 40.Qe8+ Qxe8 41.Bxe8 Rh7 42.Kg2 Rg7+
43.Kf2 Rh7 44.Kg2 Rg7+ 45.Kf2 Rh7  1/2-1/2

[Event "CAN-op"]
[Site "Winnipeg"]
[Date "1994.??.??"]
[Round "7"]
[White "Kapstan, Aron"]
[Black "Gentes, Kevin"]
[Result "1-0"]
[WhiteElo "2200"]
[BlackElo "2305"]

1.d4 Nf6 2.c4 g6 3.Nc3 Bg7 4.e4 d6 5.Be2 O-O 6.Nf3 e5 7.O-O Nc6 8.dxe5 dxe5
9.Bg5 Qxd1 10.Rfxd1 Bg4 11.Bxf6 Bxf6 12.Nd2 Be6 13.Nb3 b6 14.Nd5 Bd8 15.c5 Nb8
16.Rac1 c6 17.Ne3 b5 18.Bg4 Bxb3 19.axb3 Bg5 20.Ra1 a5 21.b4 Na6 22.bxa5 Nxc5
23.b4 Bxe3 24.fxe3 Nxe4 25.Bf3 f5 26.Bxe4 fxe4 27.Rac1 Rf6 28.Rc5 Re6 29.Rd7 Ra6
30.Rb7 h5 31.Rb6 Rxb6 32.axb6 Kg7 33.b7 Re8 34.Rxc6 Rb8 35.Rb6 h4 36.Rxb5 Kf6
37.Kf2 Ke6 38.Ke2 Kd6 39.Kd2 g5 40.Kc3 Kc6 41.Rxe5 Rxb7 42.Rxg5 Rd7 43.Rg4 Rd3+
44.Kc4 Rxe3 45.Rxh4 Re2 46.Rg4  1-0

[Event "RLPF-ch U20"]
[Site "Wolfstein"]
[Date "1994.??.??"]
[Round "?"]
[White "Hammes, Michael"]
[Black "Simon, Holger"]
[Result "1-0"]
[WhiteElo "2220"]
[BlackElo "2100"]

1.d4 Nf6 2.c4 g6 3.Nc3 Bg7 4.e4 d6 5.Nf3 O-O 6.Be2 e5 7.O-O Nc6 8.d5 Ne7
9.Nd2 a5 10.a3 Nd7 11.Rb1 f5 12.Qc2 Kh8 13.b4 Ng8 14.f3 Ngf6 15.Bd3 f4 16.Nb5 b6
17.Be2 h5 18.Bb2 Ne8 19.Nb3 axb4 20.axb4 Rg8 21.Ra1 Ba6 22.c5 bxc5 23.bxc5 Bxb5
24.Rxa8 Qxa8 25.Bxb5 Nxc5 26.Nxc5 dxc5 27.Ra1 Qd8 28.Qxc5 Kh7 29.Bxe8 Rxe8
30.Ra7 Re7 31.Qc6 Rd7 32.Ba3 Qb8 33.Qb7 Qd8 34.Bb4 Bf8 35.Ra8 Qxa8 36.Qxa8 Bxb4
37.Qe8 Re7 38.Qf8 Bd6 39.Qf6 Rg7 40.Kf1 Rg8 41.Qe6 Ra8 42.g3 Rf8 43.g4 hxg4
44.fxg4 g5 45.h4 gxh4  1-0

[Event "Wuerzburg op"]
[Site "Wuerzburg"]
[Date "1994.??.??"]
[Round "5"]
[White "Schmidt, Wlodzimierz"]
[Black "Ivanov, Mikhail M"]
[Result "1-0"]
[WhiteElo "2435"]
[BlackElo "2515"]

1.Nf3 Nf6 2.c4 g6 3.Nc3 Bg7 4.e4 d6 5.d4 O-O 6.Be2 e5 7.O-O Nc6 8.d5 Ne7
9.Ne1 Nd7 10.Be3 f5 11.f3 f4 12.Bf2 g5 13.a4 Kh8 14.Nb5 a5 15.Nd3 Nf6 16.c5 g4
17.Qc2 g3 18.hxg3 fxg3 19.Bxg3 Ne8 20.f4 exf4 21.Nxf4 c6 22.Nxd6 Nxd6 23.cxd6 Qxd6
24.Nh5 Bd4+ 25.Kh2 Qh6 26.Rxf8+ Qxf8 27.Qd2 c5 28.Rf1 Qg8  1-0

[Event "Ibercaja op"]
[Site "Zaragoza"]
[Date "1994.??.??"]
[Round "3"]
[White "Oms Pallise, Josep"]
[Black "Cisneros, Lucas"]
[Result "1-0"]
[WhiteElo "2305"]
[BlackElo "2325"]

1.c4 g6 2.d4 Nf6 3.Nc3 Bg7 4.e4 d6 5.Be2 O-O 6.Nf3 e5 7.O-O Nc6 8.d5 Ne7
9.Nd2 c5 10.dxc6 Nxc6 11.Nb3 Be6 12.Be3 Rc8 13.f3 Na5 14.Nxa5 Qxa5 15.Qb3 Nd7
16.Rfd1 a6 17.Rxd6 b5 18.Rxe6 fxe6 19.cxb5 Rfe8 20.bxa6 Bf8 21.Qa4 Qc7 22.Nb5 Qc2
23.Qxc2 Rxc2 24.Kf1 Ra8 25.a7 Bc5 26.Bxc5 Nxc5 27.b4 Na6 28.Rd1 Nxb4 29.Rd7 Nc6
30.Rc7 Nd4 31.Rb7 Nxe2 32.Rb8+ Kg7 33.Rxa8 Nf4 34.Rg8+ Kh6 35.Nd4 Rxa2 36.a8=Q Rxa8
37.Rxa8 exd4 38.g3 Nd3 39.Rd8 e5 40.Re8 Kg5 41.Ke2 Nc1+ 42.Kd2 Nb3+ 43.Ke2 Kf6
44.f4 exf4 45.gxf4 Nc5 46.Kf3 Ne6 47.e5+ Kf7 48.Rb8 Ng7 49.Rb7+ Kg8 50.Ke4 Nf5
51.Rd7 h6 52.Rxd4 Nxd4 53.Kxd4 Kf7 54.Kd5 g5 55.f5 g4 56.Ke4  1-0

[Event "Zuerich op"]
[Site "Zuerich"]
[Date "1994.??.??"]
[Round "?"]
[White "Nemet, Ivan"]
[Black "Gallagher, Joseph G"]
[Result "0-1"]
[WhiteElo "2425"]
[BlackElo "2470"]

1.d4 Nf6 2.c4 g6 3.Nc3 Bg7 4.e4 d6 5.Nf3 O-O 6.Be2 e5 7.O-O Nc6 8.d5 Ne7
9.Nd2 a5 10.a3 Nd7 11.Rb1 f5 12.b4 Kh8 13.Qc2 Nf6 14.f3 c6 15.dxc6 Nxc6 16.Nb5 Nh5
17.Rd1 Qh4 18.Nf1 axb4 19.axb4 fxe4 20.Qxe4 Nf4 21.Bxf4 exf4 22.Nxd6 Bf5
23.Nxf5 gxf5 24.Qc2 Bd4+ 25.Rxd4 Nxd4 26.Qb2 Qf6 27.Bd1 Rad8 28.c5 Rfe8 29.b5 Qe5
30.Qb4 Rg8 31.Qc4 Qe1 32.Qb4 Qe5 33.Kh1 Qg7 34.g3 fxg3 35.hxg3 f4 36.g4 h5
37.Rb2 Qf6 38.Rh2 h4 39.Qe1 Rg7 40.c6 bxc6 41.bxc6 Nxc6 42.Rxh4+ Qxh4+ 43.Qxh4+ Rh7
44.Qxh7+ Kxh7 45.Bc2+ Kh6 46.Be4 Ne5 47.Kg2 Rd4 48.Bf5 Rb4 49.Be4 Rb2+ 50.Kg1 Nf7
51.g5+ Nxg5 52.Bd5 Kh5 53.Nh2 Kh4 54.Nf1 Nh3+ 55.Kh1 Rf2 56.Bc4 Rxf3 57.Nd2 Rf2
58.Ne4 Rc2  0-1

[Event "Zuerich op"]
[Site "Zuerich"]
[Date "1994.??.??"]
[Round "?"]
[White "Nemet, Ivan"]
[Black "Huberty, Marc"]
[Result "1-0"]
[WhiteElo "2425"]
[BlackElo "2120"]

1.d4 Nf6 2.Nf3 g6 3.c4 Bg7 4.Nc3 O-O 5.e4 d6 6.Be2 e5 7.O-O Nc6 8.d5 Ne7
9.Nd2 a5 10.b3 c5 11.a3 Ne8 12.Rb1 f5 13.b4 axb4 14.axb4 b6 15.bxc5 bxc5
16.Nb3 h6 17.Bd2 Nf6 18.f3 g5 19.Ra1 Rxa1 20.Qxa1 Ng6 21.g3 Bd7 22.Qa5 Qe7
23.Qc7 Rf7 24.exf5 Bxf5 25.Qxe7 Rxe7 26.Nb5 Ne8 27.Na5 e4 28.Nc6 Rf7 29.fxe4 Bxe4
30.Re1 Rf8 31.Bc3 Bxc3 32.Nxc3 Bf5 33.Nb5 Kg7 34.Bh5 Bd3 35.Re6 Bf5 36.Rxe8 Rxe8
37.Nxd6 Rf8 38.Nxf5+ Rxf5 39.Bxg6  1-0

[Event "Tyneside International"]
[Site "Newcastle"]
[Date "1995.05.30"]
[Round "9"]
[White "Bell, Stephen"]
[Black "Walker, David"]
[Result "1/2-1/2"]
[WhiteElo "2385"]
[BlackElo "2300"]

1.d4 Nf6 2.c4 g6 3.Nc3 Bg7 4.e4 d6 5.Nf3 O-O 6.Be2 e5 7.O-O Nc6 8.d5 Ne7
9.Nd2 c5 10.Rb1 Ne8 11.b4 b6 12.bxc5 bxc5 13.Nb3 f5 14.Bg5 h6 15.Bxe7 Qxe7
16.Na5 Qg5 17.exf5 gxf5 18.Rb3 Bd7 19.Nc6 Kh8 20.Kh1 Rg8 21.f4 exf4 22.Bf3 Nf6
23.Ne2 Rae8 24.Qc1 Re3 25.Nxf4 Rxb3 26.axb3 Rc8 27.g3 Ne4 28.Kg2 Be5 29.Nxe5 dxe5
30.Bxe4 exf4 31.Bd3 Rc7 32.Qc3+ Qg7 33.Qxg7+ Kxg7  1/2-1/2

[Event "London SCCU op"]
[Site "London"]
[Date "1995.08.??"]
[Round "1"]
[White "Parker, Robert"]
[Black "Devenney, Ray"]
[Result "1-0"]
[WhiteElo "2085"]
[BlackElo "2008"]

1.d4 Nf6 2.c4 g6 3.Nc3 Bg7 4.e4 O-O 5.Nf3 d6 6.Be2 e5 7.O-O Nc6 8.d5 Ne7
9.Nd2 a5 10.Rb1 Nd7 11.a3 f5 12.f3 f4 13.b4 g5 14.Nb3 axb4 15.axb4 Nf6 16.Bd2 Bd7
17.c5 Qe8 18.Ra1 Qg6 19.Na5 g4 20.Re1 Bh6 21.Nxb7 Rxa1 22.Qxa1 g3 23.h3 Qh5
24.Bf1 Bxh3 25.gxh3 Qxf3 26.Re2 Qh5 27.cxd6 cxd6 28.Nxd6 f3 29.Bxh6 Qxh6
30.Nc4 Ng6 31.Rc2 Nh5 32.Nd1 Qf4 33.Qa2 Qxe4 34.d6 Kg7 35.Rd2 g2 36.Bxg2 fxg2
37.Rxg2 Qe1+ 38.Kh2 Qxd1 39.Qa7+ Rf7 40.Qc5 Kh6 41.Nxe5 Nxe5 42.Qxe5 Qc1
43.d7 Rf1 44.Qd6+ Nf6 45.Qf8+ Kh5 46.Qf7+ Kh4 47.Qxh7+ Nxh7 48.d8=Q+ Rf6
49.Rg4+ Kh5 50.Qe8+ Kh6 51.Rh4+ Kg7 52.Qe7+ Rf7 53.Rg4+ Kh6 54.Qh4+  1-0

[Event "London SCCU op"]
[Site "London"]
[Date "1995.08.??"]
[Round "2"]
[White "Devenney, Ray"]
[Black "Georghiou, Paul I"]
[Result "1-0"]
[WhiteElo "2008"]
[BlackElo "2220"]

1.d4 Nf6 2.Nf3 g6 3.c4 Bg7 4.Nc3 O-O 5.e4 d6 6.Be2 e5 7.O-O Nc6 8.d5 Ne7
9.Ne1 Nd7 10.Be3 f5 11.f3 Nf6 12.c5 f4 13.Bf2 g5 14.Rc1 Ng6 15.cxd6 cxd6
16.Nb5 Rf7 17.Nxa7 g4 18.Nxc8 Rxc8 19.Rxc8 Qxc8 20.Nd3 g3 21.hxg3 fxg3 22.Bxg3 Nh5
23.Be1 Bh6 24.Bd2 Bxd2 25.Qxd2 Ngf4 26.Rc1 Qd8 27.Nxf4 Nxf4 28.Bf1 Rg7 29.Rc2 Qb6+
30.Kh2 Rg5 31.g4 h5 32.Qc3 Ng6 33.Bh3 Nf8 34.Rg2 h4 35.Qc1 Qd8 36.Rc2 Rg7
37.Rc8 Qf6 38.Qe3 Rf7 39.Kg2 Qg7 40.Kf2 Kh7 41.g5 Kg6 42.Bf5+ Kh5 43.f4 exf4
44.Qf3+ Kxg5 45.Qg4+ Kf6 46.Qxh4+ Qg5 47.Qxg5+ Kxg5 48.Kf3 Nh7 49.Rg8+ Kf6
50.Kxf4 Ke7 51.Rb8 Kf6 52.Rd8 Kg7 53.Rxd6 Nf6 54.Kg5 b5 55.Rb6 Ne8 56.Rxb5  1-0

[Event "London SCCU op"]
[Site "London"]
[Date "1995.08.??"]
[Round "4"]
[White "Sands, David"]
[Black "Van Zyl Smit, Konrad"]
[Result "1-0"]
[WhiteElo "2235"]
[BlackElo "2100"]

1.d4 Nf6 2.c4 g6 3.Nc3 Bg7 4.e4 d6 5.Nf3 O-O 6.Be2 e5 7.O-O Nc6 8.d5 Ne7
9.Nd2 c5 10.Rb1 Ne8 11.b4 b6 12.bxc5 bxc5 13.Qa4 f5 14.Nb3 Nf6 15.f3 f4 16.Qa5 Bd7
17.Nb5 Ne8 18.Qxd8 Rxd8 19.Na5 Rb8 20.Bd2 a6 21.Na7 Nf6 22.N5c6 Nxc6 23.dxc6 Be6
24.Ba5 Ra8 25.Rb7 Rf7 26.c7 Bf8 27.Nc6 Rc8 28.Nd8 Re7 29.Rfb1 Ne8 30.Nxe6 Rxe6
31.Rb8 Rxc7 32.Rxe8  1-0

[Event "Aalborg op"]
[Site "Aalborg"]
[Date "1995.??.??"]
[Round "1"]
[White "Notkin, Maksim"]
[Black "Andersen, Frank"]
[Result "1-0"]
[WhiteElo "2520"]
[BlackElo "2275"]

1.d4 Nf6 2.c4 g6 3.Nc3 Bg7 4.e4 d6 5.Nf3 O-O 6.Be2 e5 7.O-O Nc6 8.d5 Ne7
9.Nd2 a5 10.a3 Nd7 11.Rb1 f5 12.b4 axb4 13.axb4 Kh8 14.Qc2 Ng8 15.f3 Ngf6
16.Bd3 Nh5 17.exf5 gxf5 18.Bxf5 e4 19.fxe4 Bd4+ 20.Kh1 Qh4 21.Ne2 Rxf5 22.exf5 Ne5
23.Qe4  1-0

[Event "Aalborg op"]
[Site "Aalborg"]
[Date "1995.??.??"]
[Round "6"]
[White "Gagarin, Vasilij"]
[Black "Pedersen, Nicolai Vesterbaek"]
[Result "1-0"]
[WhiteElo "2420"]
[BlackElo "2300"]

1.d4 Nf6 2.Nf3 g6 3.c4 Bg7 4.Nc3 d6 5.e4 O-O 6.Be2 e5 7.O-O Nc6 8.d5 Ne7
9.Nd2 a5 10.b3 Ne8 11.Ba3 b6 12.b4 axb4 13.Bxb4 f5 14.a4 Nf6 15.Bf3 f4 16.Nb5 h5
17.a5 bxa5 18.Rxa5 Rxa5 19.Bxa5 Ne8 20.c5 dxc5 21.Qb3 Kh8 22.Rc1 Qd7 23.Na7 Nd6
24.Nxc8 Rxc8 25.Nc4 Nxc4 26.Qxc4 c6 27.d6 Ng8 28.Qxc5 Nh6 29.h3 Nf7 30.Bc7 Kh7
31.Be2 Bf8 32.Ba6 Re8 33.Qxc6 Qxc6 34.Rxc6 Re6 35.Bc4 Rf6 36.Bd5 Kg7 37.Bxf7 Rxf7
38.d7 Rxd7 39.Bxe5+ Kg8 40.Rxg6+ Kf7 41.Rf6+ Ke7 42.Rxf4 Ke6 43.Rxf8 Kxe5
44.Rf5+ Kxe4 45.Rxh5 Kd3  1-0